“瓦罐汤”地点数量≥50的地级行政区 Prefectures with ≥50 crock pot soup sites - Statistics

General Stats
  • This quiz has been taken 45 times
  • The average score is 16 of 21
Answer Stats
地级行政区 数量 % Correct
南昌 301
98%
赣州 229
98%
上海 64
98%
广州 63
98%
深圳 203
95%
九江 176
95%
北京 72
95%
长沙 147
93%
上饶 98
93%
景德镇 52
93%
吉安 71
88%
萍乡 63
88%
新余 56
85%
宜春 148
83%
抚州 143
83%
武汉 102
83%
厦门 87
58%
泉州 63
48%
安庆 77
45%
青岛 53
25%
海口 78
8%
No matching quizzes found
Score Distribution
Percent of People with Each Score
Percentile by Number Answered
Your Score History
You have not taken this quiz